[Event "Tourn. n9220"]
[Site "www.chess-mail.com"]
[Date "2017.02.03"]
[Round "1"]
[White "Panham"]
[Black "Norlavuaram"]
[WhiteElo "2120"]
[BlackElo "2220"]
[Result "0-1"]
[Round "1"]
1.e4 e5
2.Ng1f3 Nb8c6
3.d4 exd4
4.Nf3xd4 Bf8c5
5.Bc1e3 Qd8f6
6.c3 Ng8e7
7.Bf1e2 Bc5b6
8.O-O O-O
9.Qd1d2 d6
10.Be3g5 Qf6g6
11.Nd4xc6 Ne7xc6
12.Kh1 Bc8d7
13.f3 h6
14.Bg5e3 Bb6xe3
15.Qd2xe3 Rf8e8
16.Nb1d2 d5
17.Qe3f2 dxe4
18.Nd2xe4 Ra8d8
19.Ra1d1 Bd7f5
20.Ne4g3 Bf5c2
21.Rd1xd8 Re8xd8
22.Be2b5 Bc2d3
23.Bb5xd3 Qg6xd3
24.Ng3e4 b6
25.Qf2g3 Qd3xf1

0-1

[Event "Tourn. n9045"]
[Site "www.chess-mail.com"]
[Date "2017.02.03"]
[Round "1"]
[White "Fieldfast"]
[Black "Paaliaq"]
[WhiteElo "2280"]
[BlackElo "2660"]
[Result "0-1"]
[Round "1"]
1.Ng1f3 g6
2.g3 Bf8g7
3.Bf1g2 c5
4.O-O Nb8c6
5.c4 e6
6.Nb1c3 Ng8e7
7.d3 O-O
8.Bc1d2 b6
9.a3 Bc8b7
10.Ra1b1 d5
11.cxd5 Ne7xd5
12.Rb1c1 Ra8c8
13.Qd1a4 a6
14.Qa4b3 c4
15.Qb3c2 cxd3
16.Qc2xd3 Nd5xc3
17.Bd2xc3 Qd8xd3
18.exd3 Rf8d8
19.Bc3xg7 Kxg7
20.Rc1c3 Nc6a7
21.Rc3xc8 Rd8xc8
22.Nf3e5 Bb7xg2
23.Kxg2 Rc8c2
24.Rf1b1 Na7c6
25.Ne5xc6 Rc2xc6
26.h4 Rc6c2
27.Kf3 Kf6
28.a4 h5
29.Ke3 Ke7
30.Kf3 Kd6
31.Ke3 Kc6
32.b3 Kd6
33.f4 Ke7
34.Ke4 Kf6
35.a5 bxa5
36.Rb1a1 Rc2c5
37.Ra1a4 Rc5b5
38.Ra4a3 Ke7
39.Ra3a2 Kd6
40.Ra2a3 Kc5
41.Ra3a4 Rb5b4
42.d4 Kb5
43.Ra4a3 a4
44.bxa4 Rb4xa4
45.Ra3d3 Ra4b4
46.Ke5 Kc4
47.Rd3a3 Rb4b5
48.Kf6 Rb5f5
{ resign }
0-1

[Event "Tourn. n9128"]
[Site "www.chess-mail.com"]
[Date "2017.02.03"]
[Round "1"]
[White "Vasylpuzanov"]
[Black "Winston"]
[WhiteElo "1330"]
[BlackElo "1480"]
[Result "1-0"]
[Round "1"]
1.e4 e6
2.d4 d5
3.Nb1c3 Bf8b4
4.Bc1d2 c5
5.a3 Bb4xc3
6.bxc3 c4
7.e5 Nb8c6
8.Qd1g4 g6
9.Bf1e2 f6
10.f4 f5
11.Qg4h3 Qd8a5
12.Ng1f3 Ng8e7
13.Qh3h6 Bc8d7
14.Nf3g5 Rh8f8
15.Ng5xh7 O-O-O
16.Nh7xf8 Ne7g8
17.Qh6g7 Ng8e7
18.Nf8xd7 Rd8xd7
19.Qg7f6 Qa5a4
20.Ra1a2 Qa4b5
21.O-O { resign }
1-0

[Event "Tourn. n9094"]
[Site "www.chess-mail.com"]
[Date "2017.02.03"]
[Round "1"]
[White "Osopanda"]
[Black "Fabos12"]
[WhiteElo "2020"]
[BlackElo "2090"]
[Result "0-1"]
[Round "1"]
1.d4 d5
2.c4 Ng8f6
3.Nb1c3 Bc8f5
4.cxd5 Nf6xd5
5.Ng1f3 e6
6.g3 Bf5g4
7.Bf1g2 Bf8b4
8.O-O Nd5xc3
9.bxc3 Bb4a5
10.Qd1a4 c6
11.Nf3e5 Bg4xe2
12.Ne5xc6 Nb8xc6
13.Rf1e1 Be2h5
14.Bc1d2 O-O
15.Ra1b1 Ba5b6
16.Bg2xc6 bxc6
17.Qa4xc6 Qd8f6
18.Re1e5 Bh5f3
19.Qc6c4 Ra8c8
20.Qc4d3 Qf6g6
21.Qd3xf3 Qg6xb1
22.Kg2 Qb1xa2
23.Bd2h6 gxh6
24.Re5h5 Qa2d2
25.Qf3f6 Bb6d8
26.Qf6xh6 Qd2xh6
27.Rh5xh6 Rc8xc3
{ resign }
0-1

[Event "Tourn. n9187"]
[Site "www.chess-mail.com"]
[Date "2017.02.03"]
[Round "1"]
[White "Yoj"]
[Black "Genius7"]
[WhiteElo "1990"]
[BlackElo "1890"]
[Result "0-1"]
[Round "1"]
1.e4 d5
2.Nb1c3 d4
3.Nc3b5 c5
4.c3 a6
5.Nb5xd4 cxd4
6.Qd1a4 Nb8c6
7.cxd4 Qd8xd4
8.Bf1b5 Qd4xa4
 { time }
0-1

[Event "Tourn. n9119"]
[Site "www.chess-mail.com"]
[Date "2017.02.03"]
[Round "1"]
[White "Urbe69"]
[Black "Genius3"]
[WhiteElo "2089"]
[BlackElo "1860"]
[Result "1-0"]
[Round "1"]
1.d4 Ng8f6
2.Ng1f3 d5
3.c4 e6
4.Nb1c3 c6
5.g3 Bf8b4
6.Bf1g2 Nb8d7
7.O-O O-O
8.Bc1g5 b6
9.Qd1b3 Bb4xc3
10.bxc3 Bc8b7
11.cxd5 exd5
12.a4 Bb7a6
13.Rf1e1 h6
14.Bg5f4 Ba6c4
15.Qb3b1 Rf8e8
16.e3 Nf6e4
17.Qb1c2 Nd7f6
18.Nf3e5 Bc4a6
19.Ne5xc6 Qd8c8
20.Nc6b4 Ba6c4
21.a5 b5
22.f3 Ne4g5
23.Bf4xg5 hxg5
24.g4 Qc8c7
25.a6 Ra8d8
26.Qc2f2 Rd8d7
27.h4 gxh4
28.Qf2xh4 Rd7e7
29.g5 Nf6h7
30.Kf2 Nh7f8
31.Re1h1 f6
32.gxf6 gxf6
33.Qh4h8 Kf7
34.Ra1g1 Ke6
35.Bg2h3 Kd6
36.Qh8xf6 { resign }
1-0

[Event "Tourn. n9150"]
[Site "www.chess-mail.com"]
[Date "2017.02.03"]
[Round "1"]
[White "Drawlward"]
[Black "Ozana"]
[WhiteElo "2580"]
[BlackElo "2320"]
[Result "0-1"]
[Round "1"]
1.e4 d6
2.d4 Ng8f6
3.Nb1c3 e5
4.Ng1f3 exd4
5.Nf3xd4 Bf8e7
6.Bf1c4 O-O
7.O-O a6
8.a4 Nb8c6
9.Bc1f4 Nc6e5
10.Bc4a2 Ne5c6
 { time }
0-1

[Event "Tourn. n9138"]
[Site "www.chess-mail.com"]
[Date "2017.02.03"]
[Round "1"]
[White "Jose"]
[Black "Conde7"]
[WhiteElo "2760"]
[BlackElo "2890"]
[Result "1/2-1/2"]
[Round "1"]
1.e4 e5
2.Ng1f3 Nb8c6
3.Bf1b5 a6
4.Bb5a4 Ng8f6
5.O-O Bf8e7
6.d3 b5
7.Ba4b3 d6
8.a4 Bc8d7
9.c3 O-O
10.Bb3c2 h6
11.Nb1d2 Ra8b8
12.b4 d5
13.exd5 Nf6xd5
14.Nd2e4 f5
15.Bc2b3 Bd7e6
16.Ne4g3 Qd8d7
17.axb5 axb5
18.Bc1d2 Be7f6
19.Rf1e1 Be6f7
20.Qd1b1 Rb8d8
21.Ra1a3 Nd5b6
22.Bd2e3 Bf7xb3
23.Qb1xb3 Kh8
24.Be3xb6 cxb6
25.Ra3a1 g6
26.Re1d1 Qd7f7
27.Qb3xf7 Rf8xf7
28.Nf3e1 Rf7c7
29.Ng3e2 Nc6e7
30.Ne1c2 Ne7d5
31.Ra1a3 Kg8
32.g3 f4
33.Kg2 g5
34.g4 Bf6g7
35.h3 Rd8c8
36.Nc2e1 Nd5xc3
37.Ne2xc3 Rc7xc3
38.Ra3a7 Rc3c7
39.Ra7a6 Rc7c6
40.Ne1f3 Rc8d8
41.Rd1e1 Rc6e6
42.Ra6a3 Bg7f6
43.Re1e4 Re6e7
44.Ra3c3 Kg7
45.Kf1 Rd8d5
46.Ke1 Re7a7
47.Ke2 Ra7d7
{ draw }
1/2-1/2

[Event "Tourn. n9095"]
[Site "www.chess-mail.com"]
[Date "2017.02.03"]
[Round "1"]
[White "Redapond1"]
[Black "Bojan"]
[WhiteElo "1949"]
[BlackElo "2090"]
[Result "0-1"]
[Round "1"]
1.d4 d5
2.Bc1f4 Nb8c6
3.Nb1c3 a6
4.e3 Ng8f6
5.Bf1d3 g6
6.Ng1f3 Bf8g7
7.O-O Nf6h5
8.Bf4g5 Nc6b4
9.a3 Nb4xd3
10.cxd3 h6
11.Bg5h4 Nh5f6
12.e4 c6
13.exd5 Nf6xd5
14.Qd1e2 f6
15.Nc3xd5 Qd8xd5
16.Rf1e1 Qd5d6
17.Bh4g3 Qd6d7
18.Nf3d2 Kf7
19.Qe2e3 Rh8e8
20.Qe3f3 Qd7xd4
21.Nd2c4 Bc8f5
22.Qf3e3 Qd4xd3
23.Qe3xd3 Bf5xd3
24.Nc4b6 Ra8d8
25.Re1e3 Bd3f5
26.Nb6c4 Rd8d4
27.b3 Bf5e6
28.Ra1e1 Be6xc4
29.bxc4 Rd4xc4
30.Re3b3 b5
31.Rb3d3 e5
32.f4 e4
33.Rd3d7 Re8e7
34.Re1d1 f5
35.Rd7xe7 Kxe7
36.Bg3h4 Ke6
37.Rd1d8 Rc4c3
38.Rd8g8 Kf7
39.Rg8c8 c5
40.Rc8c7 Kg8
41.Bh4e7 e3
42.Kf1 Bg7d4
43.Rc7c6 Kf7
44.Be7d6 Rc3c2
45.Rc6xa6 e2
46.Ke1 Bd4c3
47.Kf2 e1Q
48.Kf3 Qe1f2
{ resign }
0-1

[Event "Tourn. n9051"]
[Site "www.chess-mail.com"]
[Date "2017.02.03"]
[Round "1"]
[White "Libiesse"]
[Black "Fabos12"]
[WhiteElo "2060"]
[BlackElo "2070"]
[Result "0-1"]
[Round "1"]
1.d4 d5
2.c4 Ng8f6
3.Ng1f3 Bc8g4
4.e3 c6
5.Bf1e2 Bg4xf3
6.Be2xf3 Nb8d7
7.cxd5 Nf6xd5
8.Bc1d2 Nd7b6
9.O-O e6
10.Nb1c3 Bf8d6
11.a3 Nb6c4
12.Bd2c1 a5
13.Qd1c2 Qd8f6
14.b3 Nc4b6
15.e4 Nd5xc3
16.Qc2xc3 Bd6f4
17.e5 Qf6h6
18.Bc1xf4 Qh6xf4
19.Bf3xc6 bxc6
20.Qc3xc6 Ke7
21.Qc6xb6 Rh8b8
22.Qb6c7 Kf8
23.Qc7c5 Kg8
24.Rf1c1 h6
25.g3 Qf4e4
26.Rc1e1 Qe4g4
{ time. }
0-1

[Event "Tourn. n9070"]
[Site "www.chess-mail.com"]
[Date "2017.02.03"]
[Round "1"]
[White "Falcoale"]
[Black "Aalekhine"]
[WhiteElo "1860"]
[BlackElo "1870"]
[Result "1-0"]
[Round "1"]
1.e4 e5
2.Ng1f3 Nb8c6
3.Bf1c4 Bf8c5
4.O-O Ng8f6
5.d3 O-O
6.a3 d6
7.b4 Bc5b6
8.Bc1g5 h6
9.Bg5h4 Nc6d4
10.c3 Nd4xf3
11.Qd1xf3 c6
12.Bh4xf6 Qd8xf6
13.Qf3e2 Bc8e6
14.a4 Be6xc4
15.dxc4 Bb6c7
16.Ra1a2 Rf8d8
17.Nb1d2 d5
18.cxd5 cxd5
19.exd5 Rd8xd5
20.Nd2e4 Qf6g6
21.f3 Bc7b6
22.Kh1 Ra8d8
23.a5 Bb6c7
24.c4 Rd5d4
25.Ra2a1 b6
26.axb6 Qg6xb6
27.Rf1b1 Rd4d3
28.c5 Qb6g6
29.Ra1xa7 Rd3d2
30.Ne4xd2 Rd8xd2
31.Qe2f1 Qg6c6
32.Rb1a1 e4
33.fxe4 Rd2d7
34.Qf1c4 Qc6f6
35.Ra7a8 Kh7
36.Ra1f1 Qf6e6
37.Qc4xe6 fxe6
38.c6 Rd7d4
39.Ra8c8 Bc7e5
40.b5 Rd4b4
41.Rc8e8 Rb4xb5
42.Re8xe6 { resign }
1-0

[Event "Tourn. n9182"]
[Site "www.chess-mail.com"]
[Date "2017.02.03"]
[Round "1"]
[White "Faerieking"]
[Black "Norlavuaram"]
[WhiteElo "2180"]
[BlackElo "2070"]
[Result "1-0"]
[Round "1"]
1.e4 e5
2.Ng1f3 Nb8c6
3.Bf1c4 Bf8e7
4.O-O Ng8f6
5.d4 d6
6.h3 O-O
7.Nb1c3 exd4
8.Nf3xd4 Bc8d7
9.Bc1e3 h6
10.f4 Nc6xd4
11.Be3xd4 Bd7c6
12.Bc4d3 Rf8e8
13.Qd1f3 Be7f8
14.Ra1e1 Nf6d7
15.Nc3d5 Nd7b6
16.f5 f6
17.Bd4xb6 axb6
18.Nd5f4 Bc6d7
19.Nf4g6 c5
20.Qf3g4 Bd7c6
21.Rf1f3 Qd8c7
22.Rf3e3 Kh7
23.a3 d5
24.Ng6xf8 Re8xf8
25.exd5 Bc6d7
26.Re3e7 Rf8g8
27.Re1e3 Kh8
28.Re3g3 g5
29.fxg6 Rg8g7
30.Qg4e2 Ra8g8
31.Qe2e3 Qc7d8
32.Qe3xh6 { resign }
1-0

[Event "Tourn. n9154"]
[Site "www.chess-mail.com"]
[Date "2017.02.03"]
[Round "1"]
[White "Cernunnoss"]
[Black "Piriot"]
[WhiteElo "1870"]
[BlackElo "1909"]
[Result "1-0"]
[Round "1"]
1.e4 e5
2.Ng1f3 Ng8f6
3.Nf3xe5 d6
4.Ne5f3 Nf6xe4
5.d4 d5
6.Bf1d3 Nb8c6
7.O-O Bf8e7
8.Nb1c3 Bc8f5
9.Rf1e1 Ne4xc3
10.bxc3 Bf5xd3
11.Qd1xd3 O-O
12.Ra1b1 Nc6a5
13.Bc1f4 c6
14.c4 dxc4
15.Qd3e4 Be7f6
16.Bf4d2 Qd8b6
17.Rb1xb6 { resign }
1-0

[Event "Tourn. n9197"]
[Site "www.chess-mail.com"]
[Date "2017.02.03"]
[Round "1"]
[White "Asoka"]
[Black "Goofy"]
[WhiteElo "2720"]
[BlackElo "2340"]
[Result "1-0"]
[Round "1"]
1.d4 d5
2.c4 e6
3.Nb1c3 Bf8b4
4.cxd5 exd5
5.Bc1f4 c6
6.e3 Ng8e7
7.Qd1b3 Bb4d6
8.Bf4xd6 Qd8xd6
9.Bf1d3 b6
10.Ng1f3 Bc8a6
11.Bd3xa6 Nb8xa6
12.Nc3b5 Qd6d8
13.Qb3a3 Na6c7
14.Nb5d6 Kf8
15.Ra1c1 Nc7b5
16.Nd6xb5 cxb5
17.Qa3a6 Ra8c8
18.Rc1xc8 Qd8xc8
19.Qa6xa7 Qc8c1
20.Ke2 Qc1xb2
21.Kd3 g6
22.Qa7b8 { resign }
1-0

[Event "Tourn. n9110"]
[Site "www.chess-mail.com"]
[Date "2017.02.03"]
[Round "1"]
[White "Malbertan"]
[Black "Libiesse"]
[WhiteElo "2030"]
[BlackElo "1990"]
[Result "1-0"]
[Round "1"]
1.e4 c5
2.Ng1e2 e6
3.d3 Nb8c6
4.g3 Ng8f6
5.Bf1g2 d5
6.Nb1c3 d4
7.Nc3b1 e5
8.O-O Bf8d6
9.Nb1d2 Bc8e6
10.Nd2f3 O-O
11.Nf3g5 Qd8c7
12.Ng5xe6 fxe6
13.f4 Ra8d8
14.Bg2h3 Rd8e8
15.fxe5 Bd6xe5
16.Ne2f4 { time. }
1-0

[Event "Tourn. n9139"]
[Site "www.chess-mail.com"]
[Date "2017.02.03"]
[Round "1"]
[White "Julian"]
[Black "Genius3"]
[WhiteElo "2000"]
[BlackElo "1870"]
[Result "1-0"]
[Round "1"]
1.e4 c5
2.Ng1f3 Nb8c6
3.d4 cxd4
4.c3 d5
5.exd5 Qd8xd5
6.cxd4 Bc8g4
7.Bf1e2 e6
8.Nb1c3 Bf8b4
9.O-O Bb4xc3
10.bxc3 Ng8e7
11.Ra1b1 Qd5d7
12.Nf3e5 Nc6xe5
13.dxe5 Qd7xd1
14.Be2xd1 b6
15.Bd1xg4 O-O
16.Bc1a3 Rf8e8
17.Rf1d1 Ne7g6
18.Ba3d6 Ra8c8
19.Rd1d3 h6
20.g3 Ng6e7
21.Rb1b3 Ne7d5
22.Rd3xd5 exd5
23.Bg4xc8 { resign }
1-0

[Event "Tourn. n9189"]
[Site "www.chess-mail.com"]
[Date "2017.02.03"]
[Round "1"]
[White "Albertf"]
[Black "Nulladies"]
[WhiteElo "1810"]
[BlackElo "1740"]
[Result "1-0"]
[Round "1"]
1.e4 c5
2.Ng1f3 g6
3.Nb1c3 Nb8c6
4.b3 Bf8g7
5.Bc1b2 Ng8f6
6.Bf1c4 e6
7.O-O d5
8.exd5 exd5
9.Rf1e1 Nc6e7
10.Bc4b5 Bc8d7
11.Qd1e2 a6
12.Bb5xd7 Qd8xd7
13.Nf3e5 Qd7e6
14.Ne5f3 Nf6e4
15.Ra1b1 Bg7f6
16.Nc3xe4 Bf6xb2
17.Rb1xb2 dxe4
18.Nf3g5 Qe6e5
19.Ng5xe4 Qe5xb2
20.Ne4d6 Kf8
21.Qe2xe7 Kg7
22.Qe7xf7 Kh6
23.Qf7f4 { resign }
1-0

[Event "Tourn. n9174"]
[Site "www.chess-mail.com"]
[Date "2017.02.03"]
[Round "1"]
[White "Milkyway"]
[Black "Libiesse"]
[WhiteElo "1920"]
[BlackElo "1980"]
[Result "1-0"]
[Round "1"]
1.e4 c5
2.Nb1c3 e6
3.f4 a6
4.Ng1f3 Nb8c6
5.Bf1e2 d6
6.O-O Bf8e7
7.d3 b5
8.a3 Ng8f6
9.Kh1 Bc8b7
10.Bc1d2 O-O
11.Bd2e1 { time. }
1-0

[Event "Match"]
[Site "www.echecsemail.com"]
[Date "2017.02.03"]
[Round "1"]
[White "Silent1"]
[Black "Azorau"]
[WhiteElo "1900"]
[BlackElo "1870"]
[Result "1-0"]
[Round "1"]
1.d4 d5
2.c4 dxc4
3.e4 Ng8f6
4.Nb1c3 Bc8e6
5.Bf1e2 g6
6.Ng1f3 Bf8g7
7.Qd1a4 Kf8
8.Be2xc4 Be6d7
9.Qa4d1 e6
10.e5 Qd8e7
11.O-O Nf6e8
12.a3 c5
13.d5 h6
14.d6 Qe7d8
15.Bc1f4 Nb8c6
16.h3 Qd8b6
17.Qd1b3 Qb6d8
18.Qb3c2 Nc6a5
19.Bc4d3 c4
20.Bd3e2 Bd7c6
21.Nf3d4 g5
22.Bf4g3 Qd8b6
23.Nd4xc6 Qb6xc6
24.Be2f3 Qc6c5
25.Rf1e1 Ra8b8
26.Ra1d1 Na5b3
27.d7 Nb3d4
28.Nc3e4 Nd4xc2
29.Ne4xc5 Nc2xe1
30.Rd1xe1 Ne8c7
31.d8R Rb8xd8
32.Nc5xb7 Rd8b8
33.Re1b1 h5
34.Nb7c5 Ke7
35.Nc5a4 Nc7b5
36.Bf3c6 Nb5d4
37.Bc6e4 Nd4e2
38.Kf1 Ne2d4
39.f4 h4
40.Bg3h2 Rh8h5
41.Na4c5 f5
42.exf6 Bg7xf6
43.fxg5 Rb8f8
44.Ke1 Rh5xg5
45.Nc5a4 Nd4b5
46.Bh2f4 Rg5g8
47.Ke2 Bf6xb2
48.Rb1xb2 Nb5d4
49.Ke3 Rf8d8
50.Rb2b7 Kf6
51.Rb7h7 e5
52.Rh7h6 Kf7
53.Bf4xe5 Nd4b5
54.Rh6f6 Ke7
55.Rf6g6 Rg8f8
56.Ke2 Nb5xa3
57.Be5c3 Na3b5
58.Bc3b4 Nb5d6
59.Bb4xd6 Rd8xd6
60.Rg6g7 Kd8
61.Na4c5 Rd6f6
62.Rg7d7 Ke8
63.Rd7xa7 Rf6f2
64.Ke3 c3
65.Ra7a8 Ke7
66.Ra8xf8 Rf2xf8
67.Nc5b3 Rf8c8
68.Nb3d4 Kd7
69.Be4f5 Kd8
70.Bf5xc8 Kxc8
71.Kd3 Kd7
72.Kxc3 Ke8
73.Nd4f5 Kf7
74.Nf5xh4 Kf6
75.Kd3 Kg5
76.Nh4f3 Kh5
77.Ke3 Kg6
78.Kf4 Kh5
79.Kf5 Kh6
80.g4 Kg7
81.Kg5 Kh7
82.h4 Kg7
83.h5 Kh7
84.Nf3e5 Kg7
85.Ne5d7 Kh7
86.Kf6 Kh6
87.g5 Kxh5
88.g6 Kh6
89.Kf7 Kg5
90.g7 Kf5
91.g8Q Kf4
92.Qg8e8 Kf3
93.Qe8e5 Kf2
94.Qe5e4 Kf1
95.Qe4e3 Kg2
96.Qe3f4 Kg1
97.Kg6 Kg2
98.Kg5 Kg1
99.Kg4 Kg2
100.Nd7e5 Kh1
101.Kg3 { resign }
1-0

[Event "Match"]
[Site "www.echecsemail.com"]
[Date "2017.02.03"]
[Round "1"]
[White "Jwc"]
[Black "Cal"]
[WhiteElo "1269"]
[BlackElo "1530"]
[Result "0-1"]
[Round "1"]
1.d4 d5
2.c4 dxc4
3.Nb1c3 a6
4.e4 e6
5.Bf1xc4 b5
6.Nc3xb5 axb5
7.Bc4xb5 c6
8.Bb5c4 Bc8a6
9.Bc4xa6 Nb8xa6
10.a3 h6
 { time }
0-1

[Event "Match"]
[Site "www.echecsemail.com"]
[Date "2017.02.03"]
[Round "1"]
[White "Billyg"]
[Black "Bitcoin"]
[WhiteElo "1680"]
[BlackElo "1809"]
[Result "0-1"]
[Round "1"]
1.e4 e5
2.Ng1f3 Nb8c6
3.Bf1b5 a6
4.Bb5a4 Bf8e7
5.Ba4xc6 dxc6
6.Nf3xe5 Qd8d4
7.Ne5f3 Qd4xe4
8.Qd1e2 Qe4xc2
9.O-O Bc8g4
10.h3 Bg4xf3
11.Qe2xf3 Ng8f6
12.Rf1e1 O-O-O
13.Nb1a3 Be7xa3
14.Qf3xa3 Rh8e8
15.Re1xe8 Rd8xe8
16.Kf1 Qc2d1
{ resign }
0-1

[Event "Match"]
[Site "www.echecsemail.com"]
[Date "2017.02.03"]
[Round "1"]
[White "Irene"]
[Black "Yoj"]
[WhiteElo "2140"]
[BlackElo "1809"]
[Result "1-0"]
[Round "1"]
1.d4 d6
2.Ng1f3 g6
3.Nb1c3 Bf8g7
4.e3 Bc8g4
5.Bf1e2 Ng8f6
6.h3 Bg4e6
7.O-O Nb8d7
8.Nf3g5 Nd7f8
9.Be2f3 c6
10.b3 d5
11.Nc3a4 Be6d7
12.Na4c5 Bd7c8
13.Nc5d3  { time }
1-0

[Event "Match"]
[Site "www.echecsemail.com"]
[Date "2017.02.03"]
[Round "1"]
[White "Witpar"]
[Black "Yoj"]
[WhiteElo "2630"]
[BlackElo "1990"]
[Result "1-0"]
[Round "1"]
1.d4 c5
2.d5 e6
3.c4 exd5
4.cxd5 c4
5.Nb1c3 Bf8b4
6.e3 Ng8f6
7.Bf1xc4 Nf6e4
8.Qd1d4  { time }
1-0

[Event "Match"]
[Site "www.echecsemail.com"]
[Date "2017.02.03"]
[Round "1"]
[White "Yoj"]
[Black "Kazooie"]
[WhiteElo "1749"]
[BlackElo "1759"]
[Result "0-1"]
[Round "1"]
1.e4 e5
2.Ng1f3 Ng8f6
3.Nf3xe5 d6
4.Ne5f3 Nf6xe4
5.Qd1e2 Qd8e7
6.d3 Ne4f6
7.Bc1g5 Nb8d7
8.Nb1d2 g6
9.Nd2e4 Bf8g7
10.Bg5xf6 Nd7xf6
 { time }
0-1

[Event "1/64 Finale"]
[Site "www.chess-mail.com"]
[Date "2017.02.03"]
[Round "1"]
[White "Vasylpuzanov"]
[Black "Ozana"]
[WhiteElo "1350"]
[BlackElo "2320"]
[Result "0-1"]
[Round "1"]
1.d4 f5
2.e4 fxe4
3.Nb1c3 Ng8f6
4.Bc1g5 Nb8c6
5.Bf1b5 a6
6.Bb5c4 d5
7.Bc4e2 Bc8f5
8.f3 e6
9.g4 Bf5g6
10.Ng1h3 Qd8d6
11.Qd1d2 exf3
12.Be2xf3 e5
13.Bg5xf6 gxf6
14.dxe5 Qd6xe5
{ resign }
0-1

[Event "1/32 Finale"]
[Site "www.chess-mail.com"]
[Date "2017.02.03"]
[Round "1"]
[White "Papaours"]
[Black "Sandokam"]
[WhiteElo "2340"]
[BlackElo "2300"]
[Result "0-1"]
[Round "1"]
1.d4 d5
2.c4 c6
3.Ng1f3 dxc4
4.e3 Bc8e6
5.a4 Nb8a6
6.Nb1a3 Be6d5
7.Na3xc4 e6
8.Bf1d3 Na6b4
9.e4 Nb4xd3
10.Qd1xd3 Bd5xc4
11.Qd3xc4 Ng8f6
12.Bc1g5 Bf8e7
13.Bg5xf6 Qd8a5
 { time }
0-1

[Event "Fast Game"]
[Site "www.echecsemail.com"]
[Date "2017.02.03"]
[Round "1"]
[White "Yoj"]
[Black "Szustan"]
[WhiteElo "2000"]
[BlackElo "1809"]
[Result "0-1"]
[Round "1"]
1.Ng1f3 Nb8c6
2.e4 e5
3.Bf1b5 a6
4.Bb5xc6 dxc6
5.Nf3xe5 Qd8d4
6.Ne5f3 Qd4xe4
7.Kf1 Ng8f6
8.Nb1c3 Qe4e7
9.d4 Bc8e6
10.Bc1f4 O-O-O
11.Nf3e5 c5
12.Nc3e2 g6
13.Bf4g5 Bf8g7
14.c3 Rh8e8
15.Ne2f4 cxd4
16.Nf4xe6 Qe7xe6
 { time }
0-1

[Event "Tourn. n9088"]
[Site "www.chess-mail.com"]
[Date "2017.02.04"]
[Round "1"]
[White "Libiesse"]
[Black "Falcoale"]
[WhiteElo "2040"]
[BlackElo "1900"]
[Result "0-1"]
[Round "1"]
1.d4 Ng8f6
2.c4 b6
3.Ng1f3 Bc8b7
4.Nb1c3 e6
5.Bc1g5 h6
6.Bg5h4 Bf8e7
7.e3 O-O
8.Bf1e2 d6
9.O-O Nf6e4
10.Bh4xe7 Qd8xe7
11.Qd1c2 Ne4xc3
12.Qc2xc3 Nb8c6
13.Ra1d1 Ra8c8
14.Nf3d2 Qe7g5
15.Be2f3 Rc8b8
16.Nd2e4 Qg5e7
17.Rd1d2 Rf8d8
18.d5 Nc6e5
19.Bf3e2 Rb8c8
20.f4 Ne5d7
21.Ne4g3 e5
22.Ng3f5 Qe7f8
23.Rf1f3 Nd7f6
24.Nf5xh6 gxh6
25.fxe5 Nf6e4
{ resign }
0-1

[Event "Tourn. n9147"]
[Site "www.chess-mail.com"]
[Date "2017.02.04"]
[Round "1"]
[White "Francesco"]
[Black "Scasan55"]
[WhiteElo "1940"]
[BlackElo "1980"]
[Result "1-0"]
[Round "1"]
1.e4 c5
2.c3 d6
3.d4 cxd4
4.cxd4 e6
5.Ng1f3 Ng8f6
6.Bf1b5 Bc8d7
7.Bb5xd7 Qd8xd7
8.Nb1c3 Bf8e7
9.O-O O-O
10.Bc1e3 a6
11.Ra1c1 b5
12.b4 Rf8c8
13.a3 Qd7b7
14.e5 dxe5
15.dxe5 Nf6d5
16.Nc3xd5 Rc8xc1
17.Nd5xe7 Qb7xe7
18.Qd1xc1 g6
19.Be3g5 Qe7b7
20.Rf1d1 Nb8d7
21.Qc1d2 Nd7b6
22.Qd2f4  { time }
1-0

[Event "Tourn. n9166"]
[Site "www.chess-mail.com"]
[Date "2017.02.04"]
[Round "1"]
[White "Actmy"]
[Black "Attatroll"]
[WhiteElo "2040"]
[BlackElo "1910"]
[Result "1-0"]
[Round "1"]
1.Ng1f3 d5
2.g3 c6
3.Bf1g2 Ng8f6
4.O-O Bc8f5
5.d3 e6
6.Rf1e1 Bf8e7
7.Nb1d2 O-O
8.e4 dxe4
9.dxe4 Bf5g4
10.h3 Bg4xf3
11.Qd1xf3 Nb8d7
12.a4 Nd7e5
13.Qf3c3 Be7d6
14.a5 Qd8e7
15.b4 Ne5g6
16.e5 Bd6xb4
17.exf6 Bb4xc3
18.fxe7 Ng6xe7
19.Ra1a3 Bc3b4
20.Ra3b3 Bb4xa5
21.Rb3xb7 Ne7d5
22.c4 Nd5b4
23.Nd2b3 Nb4c2
24.Re1e2 Nc2d4
25.Nb3xd4 Ra8d8
26.Bc1e3 e5
27.Nd4xc6 Rd8d1
28.Kh2 Ba5c3
29.Be3c5 Rf8c8
30.Nc6e7 { resign }
1-0

[Event "Tourn. n9177"]
[Site "www.chess-mail.com"]
[Date "2017.02.04"]
[Round "1"]
[White "Forest"]
[Black "Yoj"]
[WhiteElo "1850"]
[BlackElo "1909"]
[Result "1-0"]
[Round "1"]
1.e4 g6
2.d4 c5
3.Ng1f3 cxd4
4.Nf3xd4 Bf8g7
5.Nb1c3 Qd8b6
6.Nd4b3 d6
7.Bc1e3 Qb6b4
8.a3 Bg7xc3
9.bxc3  { time }
1-0

[Event "Tourn. n9205"]
[Site "www.chess-mail.com"]
[Date "2017.02.04"]
[Round "1"]
[White "Yoj"]
[Black "B0zata"]
[WhiteElo "2110"]
[BlackElo "2130"]
[Result "0-1"]
[Round "1"]
1.Ng1f3 d5
2.c4 c5
3.e3 Nb8c6
4.Nb1c3 Ng8f6
5.Qd1a4 e6
6.cxd5 Nf6xd5
7.Nf3e5 Bc8d7
 { time }
0-1

[Event "Tourn. n9188"]
[Site "www.chess-mail.com"]
[Date "2017.02.04"]
[Round "1"]
[White "Seger"]
[Black "Papaours"]
[WhiteElo "2840"]
[BlackElo "2380"]
[Result "1-0"]
[Round "1"]
1.e4 c5
2.Ng1f3 Nb8c6
3.d4 cxd4
4.Nf3xd4 e5
5.Nd4b5 d6
6.c4 Bf8e7
7.Nb1c3 a6
8.Nb5a3 f5
9.exf5  { time }
1-0

[Event "Tourn. n9039"]
[Site "www.chess-mail.com"]
[Date "2017.02.04"]
[Round "1"]
[White "Senitram"]
[Black "Rons"]
[WhiteElo "2690"]
[BlackElo "2520"]
[Result "1/2-1/2"]
[Round "1"]
1.Ng1f3 Ng8f6
2.d4 g6
3.c4 Bf8g7
4.Nb1c3 d5
5.Bc1g5 Nf6e4
6.cxd5 Ne4xg5
7.Nf3xg5 e6
8.Qd1d2 exd5
9.Qd2e3 Kf8
10.Qe3f4 Bg7f6
11.h4 h6
12.Ng5f3 Bc8e6
13.e3 c6
14.O-O-O Nb8d7
15.Bf1d3 Kg7
16.Nc3e2 Ra8c8
17.Kb1 c5
18.g4 Qd8c7
19.g5 Bf6e7
20.Qf4xc7 Rc8xc7
21.gxh6 Rh8xh6
22.Rd1g1 Kf6
23.Bd3c2 Be7d6
24.Ne2c3 a6
25.h5 cxd4
26.Nf3xd4 Rh6xh5
27.Rh1xh5 gxh5
28.Rg1h1 Ke7
29.Rh1xh5 Nd7f6
30.Rh5h6 Rc7c8
31.Bc2d3 Rc8g8
32.Nd4f5 Be6xf5
33.Bd3xf5 b5
34.a3 Rg8g2
35.Nc3d1 Rg2g5
36.Bf5c2 Rg5g8
37.Bc2f5 a5
38.Rh6h4 b4
39.axb4 Rg8g5
40.Bf5d3 axb4
41.Kc2 Kd7
42.b3 Ke6
43.Kd2 Bd6e7
44.Rh4h6 Be7f8
45.Rh6h4 Bf8c5
46.Nd1b2 Rg5g1
47.Bd3c2 Bc5e7
48.Rh4d4 Be7d6
49.Nb2d3 Nf6e4
50.Ke2 f5
51.Nd3f4 Bd6xf4
52.exf4 Rg1c1
53.Bc2d3 Ne4c3
54.Kd2 Nc3a2
55.Bd3e2 Rc1c8
56.Be2f3 Rc8c5
57.Bf3e2 Kd6
58.Be2f1 Rc5a5
59.Bf1g2 Ra5b5
60.Ke3 Na2c3
61.Bg2h3 Ke6
62.Bh3f1 Rb5b8
63.Bf1d3 { draw }
1/2-1/2

[Event "Tourn. n9119"]
[Site "www.chess-mail.com"]
[Date "2017.02.04"]
[Round "1"]
[White "Genius3"]
[Black "Fabos12"]
[WhiteElo "1860"]
[BlackElo "2090"]
[Result "1-0"]
[Round "1"]
1.d4 d5
2.Bc1f4 Ng8f6
3.e3 Bc8f5
4.Bf1d3 Bf5g6
5.Ng1f3 e6
6.Nb1c3 c5
7.dxc5 Bf8xc5
8.Nf3e5 Nb8c6
9.Ne5xc6 bxc6
10.O-O O-O
11.a3 Rf8e8
12.Bd3xg6 fxg6
13.Bf4g5 h6
14.Bg5xf6 Qd8xf6
15.Nc3e2 Ra8d8
16.Ne2d4 Bc5xd4
17.exd4 e5
18.dxe5 Qf6xe5
19.c3 Kh7
{ time. }
1-0

[Event "Tourn. n9201"]
[Site "www.chess-mail.com"]
[Date "2017.02.04"]
[Round "1"]
[White "Bojan"]
[Black "Yoj"]
[WhiteElo "2020"]
[BlackElo "2110"]
[Result "1-0"]
[Round "1"]
1.e4 e5
2.Ng1f3 Nb8c6
3.Bf1b5 Ng8e7
4.Nb1c3 a6
5.Bb5a4 d6
6.Qd1e2 Bc8d7
7.Ba4b3 Nc6d4
8.Nf3xd4 c6
9.Nd4f3  { time }
1-0

[Event "Tourn. n9184"]
[Site "www.chess-mail.com"]
[Date "2017.02.04"]
[Round "1"]
[White "Norlavuaram"]
[Black "Actmy"]
[WhiteElo "2070"]
[BlackElo "2090"]
[Result "0-1"]
[Round "1"]
1.e4 Ng8f6
2.Qd1e2 e5
3.d3 Bf8c5
4.h3 O-O
5.Ng1f3 Nb8c6
6.c3 d5
7.Nb1d2 a6
8.g3 h6
9.Bf1g2 Bc8e6
10.O-O d4
11.c4 b5
12.b3 Bc5b4
13.a3 Bb4c3
14.Ra1b1 Qd8d7
15.Kh2 Ra8b8
16.Rf1d1 Rf8e8
17.Rd1f1 Qd7e7
18.Qe2d1 Nf6d7
19.b4 f5
20.exf5 Be6xf5
21.Nf3e1 Nc6d8
22.c5 Nd7f6
23.Nd2e4 Nf6xe4
24.dxe4 Bf5e6
25.Ne1d3 Be6a2
26.Qd1c2 Ba2xb1
27.Qc2xb1 a5
28.Qb1b3 Qe7e6
29.Qb3c2 axb4
30.axb4 Nd8c6
31.Qc2b1 Qe6c4
32.Rf1d1 Nc6xb4
33.Nd3b2 Qc4xc5
34.Nb2d3 Nb4xd3
35.Qb1xd3 b4
36.Qd3b1 b3
37.Bc1b2 Bc3xb2
38.Qb1xb2 Qc5c2
39.Rd1b1 c5
{ resign }
0-1

[Event "Match"]
[Site "www.echecsemail.com"]
[Date "2017.02.04"]
[Round "1"]
[White "Guidom"]
[Black "Yaw1"]
[WhiteElo "2040"]
[BlackElo "2149"]
[Result "1-0"]
[Round "1"]
1.e4 c5
2.Ng1f3 e6
3.d4 Nb8c6
4.d5 exd5
5.exd5 Nc6b4
6.c4 d6
7.a3 Qd8a5
8.Bc1d2 g6
9.Nb1c3 Nb4a6
10.Nc3b5 Qa5d8
11.Bd2c3 Ng8f6
12.Qd1e2 Kd7
13.g3 Bf8h6
14.Bf1h3 { resign }
1-0